| 000 | 01144cab a2200229 i 4500 | ||
|---|---|---|---|
| 001 | 768714001 | ||
| 003 | CO-MdFUSB | ||
| 005 | 20230112103849.0 | ||
| 008 | 161108s1999 gt ||||| |||| 00| 0 spa d | ||
| 022 | _a1014-9341 | ||
| 040 |
_aCO-MdFUSB _bspa _cCO-MdFUSB _dCO-MdFUSB |
||
| 041 | _aspa | ||
| 100 | 1 |
_aEscobar, Samuel (1934-) _eautor |
|
| 245 | 0 | 0 |
_aFormación bíblico-teológica del misionero transcultural _c/ Samuel Escobar |
| 300 |
_aNúmero 24 (Enero - Junio,1999), páginas 61-70 _c; 22 cm |
||
| 520 | _aAsí como la biblia ha sido central en la historia de la práctica misionera evangélica, una formación bíblica y teológica debe hacer posible que la biblia siga siendo central en la vocación y formación para la misión, en la definición del contenido de la acción misionera y en la reflexión critica sobre la práctica misionera. | ||
| 546 | _aTexto en Español | ||
| 653 | _aMisiones – Transcultural | ||
| 773 | 0 |
_tKairós _049489 _961199 _gNúmero 24 (Enero - Junio,1999), páginas 61-70 _qPágina 61 |
|
| 773 | 0 |
_tKairós _049489 _981313 _gNúmero 24 (Enero - Junio,1999), páginas 61-70 _qPágina 61 |
|
| 942 | _cANA | ||
| 999 |
_c51223 _d51223 |
||